000 00578nam a2200193Ia 4500
008 151119s9999||||xx |||||||||||||| ||und||
082 _a891.463
082 _bGKKV17753
100 _a"नायक, बळवंत"
245 _aचंदनाची काया माझी
260 _a--
260 _b--
260 _c2009
600 _a"नायक, बळवंत"
630 _aचंदनाची काया माझी
700 _a"नायक, बळवंत"
730 _aचंदनाची काया माझी
942 _cBOOK
999 _c1070885
_d1070882